000
00286nam a2200121Ia 4500
008
231120s2015 xx 000 0 und d
041
_a
eng
082
_a
751.42
100
_a
GLYN MACEY
245
_a
ACRYLICS UNLEASHED
260
_a
SEARCH PRESS
_b
SEARCH PRESS
_c
2015
300
_a
P-144
999
_c
933324
_d
933324